000 00291nam a22001337a 4500
008 190304b xxu||||| |||| 00| 0 eng d
020 _a'[9780898620955
041 _aeng
080 _a159.9
100 _a49
101 _aPSI
245 _aWomen in Context
_cMirkin, M.P
942 _2udc
_cBK
999 _c54442
_d54442